Siedziby klubów Liga Portugal 2025/26 - Statystyki

Ogólne statystyki
  • Ten quiz został rozwiązany 17 razy
    7 od ostatniego zresetowania
  • Średni wynik to 4 z 16
Answers on the Grid
Answers color-coded by a green-red scale on the quiz's grid according to % correct below.
Lizbona
Porto
Pia
Moreira de Cónegos
Olhão da Restauração
Vila do Conde
Arouca
Barcelona
Barcelos
Braga
Madeira
Setúbal
Funchal
Vila Nova de Famalicão
Faro
Tondela
Vila das Aves
Fatima
Ponta Delgada
Guimarães
Coimbra
Amadora
Alverca do Ribatejo
Portimão
Estoril
Praia
 
Statystyki odpowiedzi
Odpowiedź % Poprawnych
Porto
80%
Lizbona
60%
Tondela
60%
Arouca
40%
Braga
40%
Estoril
40%
Vila Nova de Famalicão
40%
Amadora
20%
Guimarães
20%
Ponta Delgada
20%
Vila do Conde
20%
Alverca do Ribatejo
0%
Barcelos
0%
Funchal
0%
Moreira de Cónegos
0%
Vila das Aves
0%
Nie znaleziono quizów pasujących do podanych kryteriów
Rozkład punktacji
Procent ludzi z każdym wynikiem
Percentyl według liczby udzielonych odpowiedzi
Twoja historia wyników
Nie rozwiązałeś tego quizu od ostatniego zresetowania